000 00587nam a2200193Ii 4500
003 JO-AjNU
008 230605s9999||||xx |||||||||||||| ||und||
040 _aJO-AjNU
_bara
_erda
_cJO-AjNU
041 _aara
050 1 4 _aPS1305 1986
100 3 _aسرحان، باسم ,
_eauthor
_915376
245 0 0 _aوجهان عاريان "رواية"
264 3 1 _aبيروت :منشورات المكتبة العصرية ،1986
300 _a224ص
336 _atext
_btxt
_2rdacontent
337 _aunmediated
_bn
_2rdamedia
338 _avolume
_bnc
_2rdacarrier
650 4 _aروايات
_915377
999 _aA4328
_c7896
_d7896